000 00796nam a2200217 a 4500
001 63204
003 BD-RjUL
005 20211209081153.0
008 170129s1953 enk 000 0 eng d
035 _a(BD-RjUL)63332
035 _a999686
040 _aANL
_beng
_cANL
_dBD-RjUL
041 _aeng
082 0 4 _a780.0924
_223
_bSCL 1953
100 1 _aScholes, Percy A.
_q(Percy Alfred),
_d1877-1958.
_9188111
245 1 4 _aThe life and activities of Sir John Hawkins, musician, magistrate and friend of Johnson /
_cPercy A. Scholes.
260 _aLondon ;
_aNew York ;
_aToronto :
_bGeoffrey Cumberledge : Oxford University Press,
_c1953 ;
_a(Oxford :
_bCharles Batey)
300 _axiii, 287 p., 12 leaves of plates ;
_c23 cm.
600 1 0 _aHawkins, John,
_cSir,
_d1719-1789.
_9188112
942 _2ddc
_cBK
999 _c63204
_d63204